Najpopularniejsi raperzy w tym tygodniu . 08-14.01 - Statystyki

Ogólne statystyki
  • Ten quiz został rozwiązany 17 razy
  • Średni wynik to 9 z 15
Statystyki odpowiedzi
Miejsce w poprzednim tygodniu tygodniu Wyświetlenia Raper % Poprawnych
#2 4.96M Bedoes
100%
#4 3.85M Quebonafide
86%
#15 2.64M White 2115
86%
#10 3.99M Kizo
71%
#7 4.46M Szpaku
71%
#1 6.93M Guzior
64%
#8 3.85M Kali
64%
#3 4.71M Sobel
64%
#11 3.37M Żabson
64%
#5 3.84M Kabe
50%
#6 4.58M Major SPZ
50%
#14 2.74M Kukon
43%
#9 4.11M Tymek
43%
#13 3.20M Paluch
36%
#25 3.08M Pezet
21%
Nie znaleziono quizów pasujących do podanych kryteriów
Rozkład punktacji
Procent ludzi z każdym wynikiem
Percentyl według liczby udzielonych odpowiedzi
Twoja historia wyników
Nie rozwiązałeś tego quizu